000 01079nam a2200277 i 4500
001 000027024
003 DO-SdBNP
005 20240229073936.0
007 ta
008 110303s1957 dr ac r 000 0 spa d
040 _aDO-SdBNP
_bspa
_cBNPHU
_erda
082 4 _a972.93053
_bT866d 1957
_222
100 1 _aTrujillo Molina, Rafael Leónidas,
_d 1891-1961
_eautor
_976764
245 1 0 _aDiscursos, mensajes y proclamas /
_cRafael Leonidas Trujillo Molina.
264 1 _aMadrid :
_bAcies,
_c1957.
300 _a246 páginas :
_bilustraciones, retratos. ;
_c21 cm.
336 _2rdacontent
_atexto
_btxt
337 _2rdamedia
_asin mediación
_bn
338 _2rdacarrier
_avolumen
_bnc
590 _aInventariado, 2019/BT
650 4 _aDiscursos presidenciales
_910061
651 4 _aRepública República
_xPolítica y gobierno
_xHistoria
_yEra de Trujillo, 1930-1961
_954123
_vEnsayos, conferencias, etc.
651 4 _aRepública Dominicana
_xHistoria
_yEra de Trujillo, 1930-1961
_930520
_vEnsayos, conferencias, etc.
910 _aValidado. Control de calidad. MFF
942 _2ddc
_cLBS1
999 _c26516
_d26516